Statistics for Popstars by emojis

Click here to take the quiz!

General Stats

  • This quiz has been taken 54 times
  • The average score is 29 of 60

Answer Stats

Answer% Correct
Ed Sheeran
91%
Shakira
89%
Mariah Carey
87%
Prince
87%
Lady Gaga
79%
Justin Bieber
77%
Rihanna
74%
Spice Girls
74%
Beyoncé
72%
ABBA
70%
Black Eyed Peas
70%
BTS
68%
Taylor Swift
68%
Céline Dion
66%
Michael Jackson
66%
Twenty One Pilots
66%
Alicia Keys
64%
Harry Styles
64%
Katy Perry
64%
Blackpink
62%
Miley Cyrus
62%
Avril Lavigne
60%
Justin Timberlake
60%
Gorillaz
57%
Olivia Rodrigo
53%
Dua Lipa
49%
Backstreet Boys
47%
Björk
47%
Imagine Dragons
47%
Lizzo
47%
Madonna
47%
PSY
47%
Ray Charles / Stevie Wonder
47%
Britney Spears
45%
Daft Punk
45%
Ariana Grande
43%
Adele
40%
Bruno Mars
40%
Christina Aguilera
40%
Kylie Minogue
40%
Lorde
40%
Troye Sivan
36%
Village People
36%
Enrique Iglesias
34%
Amy Winehouse
32%
Bee Gees
32%
Florence and the Machine
28%
Whitney Houston
28%
Camila Cabello
23%
The Weeknd
21%
Rosalía
19%
Selena Gomez
19%
Billie Eilish
17%
Donna Summer
17%
Lana del Rey
17%
Barbra Streisand
13%
Frank Sinatra
11%
Rick Astley
11%
Pet Shop Boys
6%
Robbie Williams
6%

Score Distribution

Percentile by Number Answered

Percent of People with Each Score

Your Score History

You have not taken this quiz